[Event "EU-ch U16 27th"]
[Site "Mamaia"]
[Date "2017.09.07"]
[Round "3"]
[White "Coiffait, Pierre Basile"]
[Black "Stefan, Victor"]
[Result "0-1"]
[WhiteElo "2260"]
[BlackElo "2020"]
[PlyCount "53"]
[EventDate "2017.09.05"]
[EventType "swiss"]
[EventRounds "9"]
[EventCountry "ROU"]
[SourceTitle "EXT 2018"]
[Source "ChessBase"]
[SourceDate "2017.10.13"]
[SourceVersion "1"]
[SourceVersionDate "2017.10.13"]
[SourceQuality "1"]

1. e4 c6 2. d4 d5 3. Nd2 dxe4 4. Nxe4 Bf5 5. Ng3 Bg6 6. Nh3 e6 7. c3 Nd7 8. Nf4 Qh4 9. Qf3 Ngf6 10. b4 Bd6 11. Bc4 e5 12. Nxg6 hxg6 13. Be3 exd4 14. Bxd4 Bxb4 15. Qe3+ Kf8 16. 0-0-0 Re8 17. Qd3 Qg5+ 18. Kb1 Ba3 19. Bb3 b5 20. c4 Ne5 21. Qc3 bxc4 22. Bxc4 Nxc4 23. Qxc4 Rb8+ 24. Ka1 Rh4 25. Qd3 Qb5 26. Rb1 Rd8 27. Bc5+ 0-1

[Event "EU-ch U16 27th"]
[Site "Mamaia"]
[Date "2017.09.06"]
[Round "2"]
[White "Stefan, Victor"]
[Black "Szpar, Milosz"]
[Result "0-1"]
[WhiteElo "2020"]
[BlackElo "2308"]
[PlyCount "60"]
[EventDate "2017.09.05"]
[EventType "swiss"]
[EventRounds "9"]
[EventCountry "ROU"]
[SourceTitle "CBM 180 Extra"]
[Source "ChessBase"]
[SourceDate "2017.10.06"]
[SourceVersion "1"]
[SourceVersionDate "2017.10.06"]
[SourceQuality "1"]

1. Nf3 c5 2. g3 Nc6 3. Bg2 g6 4. 0-0 Bg7 5. d3 e6 6. e4 Nge7 7. Re1 d6 8. c3 0-0 9. d4 e5 10. d5 Nb8 11. Nfd2 f5 12. f3 Nd7 13. a4 Nf6 14. Nc4 fxe4 15. fxe4 Bg4 16. Qd3 Qd7 17. b4 b6 18. Nba3 Rad8 19. Be3 Bh3 20. bxc5 bxc5 21. Bd2 Bxg2 22. Kxg2 Rf7 23. h3 Rdf8 24. Rf1 Nc8 25. a5 h5 26. Qe2 Kh7 27. Rab1 Kg8 28. Rb5 Nxe4 29. Rxf7 Qxf7 30. Be3 h4 0-1

[Event "GRE-ch U16"]
[Site "Achaia"]
[Date "2017.06.26"]
[Round "1"]
[White "Stefan, Victor"]
[Black "Printzios, Lampros"]
[Result "1-0"]
[WhiteElo "1884"]
[BlackElo "1234"]
[PlyCount "59"]
[EventDate "2017.06.26"]
[EventType "swiss"]
[EventRounds "9"]
[EventCountry "GRE"]
[SourceTitle "CBM 179 Extra"]
[Source "ChessBase"]
[SourceDate "2017.08.23"]
[SourceVersion "1"]
[SourceVersionDate "2017.08.23"]
[SourceQuality "1"]

1. d4 d5 2. Nf3 Nf6 3. c4 c6 4. Nc3 g6 5. cxd5 cxd5 6. g3 Bg7 7. Bg2 0-0 8. 0-0 Nbd7 9. Bf4 a6 10. a4 b6 11. Rc1 Bb7 12. Na2 Rc8 13. Qd3 Nh5 14. Bd2 Rxc1 15. Rxc1 Qb8 16. Nb4 Rc8 17. Rc3 Nc5 18. dxc5 Bxc3 19. Bxc3 bxc5 20. Nxd5 Bxd5 21. Qxd5 Qd6 22. Qxd6 exd6 23. Nd2 Rc7 24. Nc4 Rd7 25. Nb6 Rd8 26. a5 Re8 27. e3 Re7 28. Bf1 Ra7 29. Nc8 d5 30. Nxa7 1-0

[Event "GRE-ch U14"]
[Site "Porto Rio"]
[Date "2016.07.03"]
[Round "8"]
[White "Kormas, Georgios"]
[Black "Stefan, Victor"]
[Result "0-1"]
[WhiteElo "1404"]
[BlackElo "1549"]
[PlyCount "108"]
[EventDate "2016.06.28"]
[EventType "swiss"]
[EventRounds "9"]
[EventCountry "GRE"]
[SourceTitle "CBM 173 Extra"]
[Source "ChessBase"]
[SourceDate "2016.08.29"]
[SourceVersion "1"]
[SourceVersionDate "2016.08.29"]
[SourceQuality "1"]

1. e4 c6 2. d4 d5 3. Nd2 dxe4 4. Nxe4 Bf5 5. Ng3 Bg6 6. h4 h6 7. Nf3 Nd7 8. h5 Bh7 9. Bd3 Bxd3 10. Qxd3 e6 11. Bd2 Ngf6 12. 0-0-0 Be7 13. Qe2 0-0 14. Ne4 Nxe4 15. Qxe4 Nf6 16. Qe2 Qd5 17. c4 Qe4 18. Qxe4 Nxe4 19. Be3 b5 20. c5 f5 21. Nd2 Nf6 22. Nf3 Ne4 23. Nd2 Nxd2 24. Bxd2 Bf6 25. Bf4 Rfd8 26. Be5 Rd5 27. Rhe1 Kf7 28. Re2 Rad8 29. Bxf6 gxf6 30. Rde1 Rxd4 31. Rxe6 Rd1+ 32. Rxd1 Rxd1+ 33. Kxd1 Kxe6 34. Kc2 a5 35. Kc3 Kd5 36. b4 axb4+ 37. Kxb4 Kd4 38. g3 Kd5 39. f3 Kd4 40. g4 fxg4 41. fxg4 Kd5 42. Kb3 Kxc5 43. Kc3 Kd5 44. Kd3 b4 45. Kc2 c5 46. Kd2 c4 47. Kc2 Kd4 48. Kd2 c3+ 49. Kc2 Kc4 50. Kc1 Kd3 51. Kd1 c2+ 52. Kc1 Kc3 53. g5 fxg5 54. a3 b3 0-1